Loading...
| Mythology | 0 | 3 | 0 | 0 | 30 | 33 | 59.33 | 1 | 2 | 12.89 | 19.77 |
| Popular Culture | 0 | 2 | 0 | 0 | 20 | 21 | 27.50 | 1 | 2 | 80.48 | 93.75 |
| Science - Biology | 0 | 2 | 1 | 0 | 15 | 43 | 45.50 | 1 | 2 | 10.71 | 17.27 |
| Science - Chemistry | 0 | 2 | 1 | 0 | 15 | 90 | 100.50 | 0 | 1 | 2.44 | 8.64 |
| Literature - European | 0 | 1 | 0 | 0 | 10 | 75 | 75.00 | 1 | 1 | 3.76 | 9.09 |
| Literature - World | 0 | 1 | 0 | 0 | 10 | 117 | 117.00 | 0 | 1 | 2.09 | 7.27 |
| Science - Other | 0 | 1 | 0 | 0 | 10 | 57 | 57.00 | 0 | 0 | 4.01 | 5.68 |
| Fine Arts - Other | 0 | 1 | 0 | 0 | 10 | 98 | 98.00 | 0 | 0 | 1.54 | 4.55 |
| Fine Arts - Painting and Sculpture | 0 | 1 | 0 | 0 | 10 | 111 | 111.00 | 0 | 0 | 1.27 | 3.41 |
| Literature - British | 0 | 1 | 0 | 0 | 10 | 128 | 128.00 | 0 | 0 | 1.44 | 2.27 |
| Current Events | 0 | 1 | 1 | 1 | 5 | 102 | 102.00 | 0 | 0 | 6.98 | 6.67 |
| Religion | 0 | 0 | 1 | 0 | -5 | 0.00 | 0 | 0 | 0.00 | 0.00 | |
| History - Other | 0 | 0 | 1 | 0 | -5 | 0.00 | 0 | 0 | 0.00 | 0.00 | |
| Fine Arts - Classical Music | 0 | 0 | 1 | 0 | -5 | 0.00 | 0 | 0 | 0.00 | 0.00 |